000 00619nam a2200277Ia 4500
005 20260324142834.0
008 008 260324s9999 xx 000 0 eng d
020 _a9780203058008
037 _aEBOOK
040 _aCRL
040 _beng
040 _cCRL
041 _2eng
041 _aeng
084 _qCRL
100 _aDonald West J
_91213423
245 0 _aMale Prostitution
260 _bTaylor and Francis
260 _c1993
365 _a
365 _b230
856 _uhttp://www.taylorfrancis.com/books/9780203058008
942 _cEBOOK
999 _c1818097
_d1818097